=LDR 00000nam 2200000 4500 =001 INLIS000000000042148 =005 20131008014933 =008 ***********************************Ind** =035 ##$$0010-101300000000070 =041 ##$$a Ind =082 ##$$a 2 x 5.4 =090 ##$$a 2 x 5.4, Doa d.5 =100 ##$$a Hamzah,Doa Abu =245 ##$$a Doa Terbaik Memohon Ampunan SWT Sesuai Tuntunan Nabi Muhammad Saw, Doa Abu Hamzah =260 ##$$a 2011 $b Jakarta =300 ##$$a 160 hlm, 12.5 cm =850 ##$$a NBPNMAT